Kraje związkowe Niemiec - Statystyki

Ogólne statystyki
  • Ten quiz został rozwiązany 148 razy
  • Średni wynik to 7 z 16
Statystyki odpowiedzi
Obrazkowy Odpowiedź % Poprawnych
Bawaria
90%
Berlin
71%
Saksonia
71%
Hamburg
56%
Brema
44%
Szlezwik-Holsztyn
42%
Dolna Saksonia
39%
Hesja
38%
Meklemburgia
33%
Brandenburgia
31%
Saksonia-Anhalt
31%
Turyngia
31%
Saara
26%
Nadrenia Północna-Westfalia
25%
Nadrenia-Palatynat
20%
Wirtembergia
11%
Nie znaleziono quizów pasujących do podanych kryteriów
Rozkład punktacji
Procent ludzi z każdym wynikiem
Percentyl według liczby udzielonych odpowiedzi
Twoja historia wyników
Nie rozwiązałeś tego quizu